000 00384nam a2200169Ia 4500
001 22871
005 20260414150859.0
008 260414t2012||||xx |||||||||||||| ||spa||
041 _aESP
082 _a624.15136
_bL21 2012
100 _aLambe, T. William
_eAUT
245 0 _aMecánica de suelos
_b
260 _c2012
650 _a0
654 _aCIC
942 _cLIB
_dJUS
_fJUS
_2ddc
_n
999 _c22871
_d22871